书目信息 |
| 题名: |
古玉鉴定二十讲
|
|
| 作者: | 史树青 主编 | |
| 分册: | ||
| 出版信息: | 长春 吉林出版集团有限责任公司 2006.12 |
|
| 页数: | 183页 | |
| 开本: | 24cm | |
| 丛书名: | 鉴宝·大众收藏丛书 | |
| 单 册: | ||
| 中图分类: | K876.84 | |
| 科图分类: | ||
| 主题词: | 古玉器--gu yu qi--鉴定--中国 | |
| 电子资源: | ||
| ISBN: | 7-80720-619-5 | |
| 000 | 00855nam 2200241 450 | |
| 005 | 20080927151414.81 | |
| 010 | @a7-80720-619-5@dCNY26.00 | |
| 100 | @a20070605d2006 em y0chiy0121 ea | |
| 101 | 0 | @achi |
| 102 | @aCN@b220000 | |
| 105 | @aa z 000yy | |
| 200 | 1 | @a古玉鉴定二十讲@Agu yu jian ding er shi jiang@f史树青主编 |
| 210 | @a长春@c吉林出版集团有限责任公司@d2006.12 | |
| 215 | @a183页@c图@d24cm | |
| 225 | 2 | @a鉴宝·大众收藏丛书@Ajian bao · da zhong shou cang cong shu |
| 330 | @a本书讲述了古玉器的辨析、鉴定与辨伪特征等知识,内容涉及红山文化玉器鉴定、良渚文化玉器鉴定、石家河文化玉器鉴定以及古玉器的辨伪等。 | |
| 410 | 0 | @12001 @a鉴宝·大众收藏丛书 |
| 606 | 0 | @a古玉器@Agu yu qi@x鉴定@y中国 |
| 690 | @aK876.84@v4 | |
| 701 | 0 | @a史树青@Ashi shu qing@4主编 |
| 801 | 0 | @aCN@bLR@c20080927 |
| 905 | @aZUCC@dK876.84@eS580 | |
| 999 | @aCYP | |
| 古玉鉴定二十讲/史树青主编.-长春:吉林出版集团有限责任公司,2006.12 |
| 183页:图;24cm.-(鉴宝·大众收藏丛书) |
| ISBN 7-80720-619-5:CNY26.00 |
| 本书讲述了古玉器的辨析、鉴定与辨伪特征等知识,内容涉及红山文化玉器鉴定、良渚文化玉器鉴定、石家河文化玉器鉴定以及古玉器的辨伪等。 |
| ● |
| 相关链接 |
|
|
|
正题名:古玉鉴定二十讲
索取号:K876.84/S580
 
预约/预借
| 序号 | 登录号 | 条形码 | 馆藏地/架位号 | 状态 | 备注 |
| 1 | 840642 | 208406429 | 社科库309/309社科库 8排4列1层/ [索取号:K876.84/S580] | 在馆 | |
| 2 | 840643 | 208406438 | 社科库309/309社科库 8排4列1层/ [索取号:K876.84/S580] | 在馆 | |
| 3 | 840644 | 208406447 | 社科库309/309社科库 8排4列1层/ [索取号:K876.84/S580] | 在馆 |